000 00302nam a2200121Ia 4500
005 20260326100028.0
008 260326s9999||||xx |||||||||||||| ||und||
100 _aDunlop, Beth
245 0 _aArts & Crafts Houses 1 /
_cBeth Dunlop
260 _bPhaidon
650 _aARQUITECTURA RESIDENCIAL
942 _cBK
999 _c6487
_d6487